| 000 | 01519cam a2200409 i 4500 | ||
|---|---|---|---|
| 001 | 19240918 | ||
| 003 | OSt | ||
| 005 | 20230921145957.0 | ||
| 008 | 160823s2016 ii b 001 0 eng | ||
| 010 | _a 2016330392 | ||
| 020 | _a9781138666948 | ||
| 020 | _z9781315666440 (ebk) | ||
| 025 | _aI-E-2016330392 | ||
| 037 | _bLibrary of Congress -- New Delhi Overseas Office | ||
| 040 |
_aDLC _beng _cDLC _erda _dDLC |
||
| 042 |
_alcode _apcc |
||
| 043 | _aa-ii--- | ||
| 050 | 0 | 0 |
_aLC213.3.I4 _bR54 2016 |
| 082 |
_a379.110954 _bJHA/R |
||
| 245 | 0 | 0 |
_aRight to education in India : _bresources, institutions and public policy / _cedited by Praveen Jha and P. Geetha Rani. |
| 250 | _aSouth Asia edition. | ||
| 264 | 1 |
_aNew Delhi : _bRoutledge, _c2016. |
|
| 264 | 2 |
_aNew Delhi, India : _bExclusively distributed by Manohar Publishers & Distributors |
|
| 300 |
_axviii, 366 pages ; _c23 cm |
||
| 336 |
_atext _btxt _2rdacontent |
||
| 337 |
_aunmediated _bn _2rdamedia |
||
| 338 |
_avolume _bnc _2rdacarrier |
||
| 504 | _aIncludes bibliographical references and index. | ||
| 650 | 0 |
_aRight to education _zIndia. |
|
| 650 | 0 |
_aEducational sociology _zIndia. |
|
| 650 | 0 |
_aEducation _xEconomic aspects _zIndia. |
|
| 700 | 1 |
_aJha, Praveen K. _q(Praveen Kumar), _eeditor. |
|
| 700 | 1 |
_aRani, Geetha, _eeditor. |
|
| 906 |
_a7 _bcbc _corigode _d3 _encip _f20 _gy-gencatlg |
||
| 942 |
_2ddc _cBK _h379.110954 _iJHA/R _k379.110954 _mJHA/R |
||
| 999 |
_c42224 _d42224 |
||